Olivia Rodrigo...or Chappell Roan - Statistics

General Stats
  • This quiz has been taken 1,800 times
  • The average score is 26 of 28
Answer Stats
Hint Answer % Correct
HOT TO GO Chappell Roan
97%
Pink Pony Club Chappell Roan
97%
Red Wine Supernova Chappell Roan
97%
Driver's License Olivia Rodrigo
97%
Good 4 U Olivia Rodrigo
97%
Deja Vu Olivia Rodrigo
97%
Naked In Manhattan Chappell Roan
96%
Femininomenon Chappell Roan
96%
Good Luck, Babe Chappell Roan
96%
Brutal Olivia Rodrigo
96%
Traitor Olivia Rodrigo
96%
Super Graphic Ultra Modern Girl Chappell Roan
95%
Happier Olivia Rodrigo
95%
Hope Ur Ok Olivia Rodrigo
95%
Kaleidoscope Chappell Roan
94%
Favorite Crime Olivia Rodrigo
94%
Casual Chappell Roan
93%
After Midnight Chappell Roan
92%
Teenage Dream Olivia Rodrigo
92%
Coffee Chappell Roan
91%
California Chappell Roan
90%
Logical Olivia Rodrigo
90%
Enough For You Olivia Rodrigo
90%
Making The Bed Olivia Rodrigo
90%
Ballad Of A Homeschooled Girl Olivia Rodrigo
90%
Picture You Chappell Roan
89%
Love Is Embarassing Olivia Rodrigo
89%
Guilty Pleasure Chappell Roan
85%
No matching quizzes found
Score Distribution
Percent of People with Each Score
Percentile by Number Answered
Your Score History
You have not taken this quiz